<?xml version="1.0" encoding="UTF-8"?>
<record
    xmlns:xsi="http://www.w3.org/2001/XMLSchema-instance"
    xsi:schemaLocation="http://www.loc.gov/MARC21/slim http://www.loc.gov/standards/marcxml/schema/MARC21slim.xsd"
    xmlns="http://www.loc.gov/MARC21/slim">

  <leader>00436    a2200157   4500</leader>
  <datafield tag="999" ind1=" " ind2=" ">
    <subfield code="c">183</subfield>
    <subfield code="d">183</subfield>
  </datafield>
  <controlfield tag="008">220922b           ||||| |||| 00| 0 eng d</controlfield>
  <datafield tag="020" ind1=" " ind2=" ">
    <subfield code="a">9781138669574</subfield>
  </datafield>
  <datafield tag="041" ind1="0" ind2=" ">
    <subfield code="a">eng</subfield>
  </datafield>
  <datafield tag="082" ind1="0" ind2="0">
    <subfield code="a">388.01</subfield>
    <subfield code="b">R6961</subfield>
  </datafield>
  <datafield tag="100" ind1=" " ind2=" ">
    <subfield code="a">Jean-Paul, Rodrigue</subfield>
  </datafield>
  <datafield tag="245" ind1=" " ind2=" ">
    <subfield code="a">The geography of transport systems /</subfield>
  </datafield>
  <datafield tag="260" ind1=" " ind2=" ">
    <subfield code="a">New York: </subfield>
    <subfield code="b">Routledge, </subfield>
    <subfield code="c">2017.</subfield>
  </datafield>
  <datafield tag="300" ind1=" " ind2=" ">
    <subfield code="a">xiv, 439 p.</subfield>
  </datafield>
  <datafield tag="650" ind1=" " ind2="0">
    <subfield code="a">Transportation Geography</subfield>
  </datafield>
  <datafield tag="942" ind1=" " ind2=" ">
    <subfield code="2">ddc</subfield>
    <subfield code="c">BK</subfield>
  </datafield>
  <datafield tag="952" ind1=" " ind2=" ">
    <subfield code="0">0</subfield>
    <subfield code="1">0</subfield>
    <subfield code="2">ddc</subfield>
    <subfield code="4">0</subfield>
    <subfield code="6">388_010000000000000_R6961</subfield>
    <subfield code="7">0</subfield>
    <subfield code="9">867</subfield>
    <subfield code="a">CL</subfield>
    <subfield code="b">CL</subfield>
    <subfield code="d">2018-04-23</subfield>
    <subfield code="e">Apex Book Services</subfield>
    <subfield code="g">2434.27</subfield>
    <subfield code="l">1</subfield>
    <subfield code="o">388.01 R6961</subfield>
    <subfield code="p">13036</subfield>
    <subfield code="r">2022-12-06</subfield>
    <subfield code="s">2022-08-29</subfield>
    <subfield code="v">3713.05</subfield>
    <subfield code="y">BK</subfield>
  </datafield>
  <datafield tag="952" ind1=" " ind2=" ">
    <subfield code="0">0</subfield>
    <subfield code="1">0</subfield>
    <subfield code="2">ddc</subfield>
    <subfield code="4">0</subfield>
    <subfield code="6">388_010000000000000_R6961</subfield>
    <subfield code="7">0</subfield>
    <subfield code="9">868</subfield>
    <subfield code="a">CL</subfield>
    <subfield code="b">CL</subfield>
    <subfield code="d">2018-04-23</subfield>
    <subfield code="e">Apex Book Services</subfield>
    <subfield code="g">2434.27</subfield>
    <subfield code="l">2</subfield>
    <subfield code="m">1</subfield>
    <subfield code="o">388.01 R6961</subfield>
    <subfield code="p">13037</subfield>
    <subfield code="r">2022-12-26</subfield>
    <subfield code="s">2022-12-14</subfield>
    <subfield code="v">3713.05</subfield>
    <subfield code="y">BK</subfield>
  </datafield>
  <datafield tag="952" ind1=" " ind2=" ">
    <subfield code="0">0</subfield>
    <subfield code="1">0</subfield>
    <subfield code="2">ddc</subfield>
    <subfield code="4">0</subfield>
    <subfield code="6">388_010000000000000_R6961</subfield>
    <subfield code="7">0</subfield>
    <subfield code="9">869</subfield>
    <subfield code="a">CL</subfield>
    <subfield code="b">CL</subfield>
    <subfield code="d">2018-04-23</subfield>
    <subfield code="e">Apex Book Services</subfield>
    <subfield code="g">2434.27</subfield>
    <subfield code="l">2</subfield>
    <subfield code="m">2</subfield>
    <subfield code="o">388.01 R6961</subfield>
    <subfield code="p">13038</subfield>
    <subfield code="r">2022-12-21</subfield>
    <subfield code="s">2022-10-27</subfield>
    <subfield code="v">3713.05</subfield>
    <subfield code="y">BK</subfield>
  </datafield>
  <datafield tag="952" ind1=" " ind2=" ">
    <subfield code="0">0</subfield>
    <subfield code="1">0</subfield>
    <subfield code="2">ddc</subfield>
    <subfield code="4">0</subfield>
    <subfield code="6">388_010000000000000_R6961</subfield>
    <subfield code="7">0</subfield>
    <subfield code="9">870</subfield>
    <subfield code="a">CL</subfield>
    <subfield code="b">CL</subfield>
    <subfield code="d">2018-04-23</subfield>
    <subfield code="e">Apex Book Services</subfield>
    <subfield code="g">2434.27</subfield>
    <subfield code="l">3</subfield>
    <subfield code="m">3</subfield>
    <subfield code="o">388.01 R6961</subfield>
    <subfield code="p">13039</subfield>
    <subfield code="r">2022-12-26</subfield>
    <subfield code="s">2022-11-09</subfield>
    <subfield code="v">3713.05</subfield>
    <subfield code="y">BK</subfield>
  </datafield>
</record>
